000 00263nam a2200097Ia 4500
001 784438
005 20250826170241.0
008 250824s9999 xx 000 0 und d
245 0 _aBİR KÜÇÜK OSMANCIK VARDI
_cHASAN NAİL CANAT
260 _bGENÇ TİMAŞ YAYINLARI
999 _c784438
_d784438